Les prairies permanentes au Maroc ; plantes fourrageres vivaces adaptees aux climats arides /

Bibliographic Details
Main Author: Giscard, Robert, 1900-
Format: Book
Language:French
Published: Sale : Editions R.I.P., [1952]
Edition:[2. ed.].
Series:Collection "Sciences appliquees"
Subjects:

MARC

Tag First Indicator Second Indicator Subfields
LEADER 00000cam a2200000 4500
001 in00000047812
005 20151007075537.0
008 800613s1952 mr a 00000 fre d
035 |a (OCoLC)06419134 
035 |9 AAF3396AM 
040 |a TXA  |c TXA  |d UtOrBLW 
049 |a TXAM  |c [215854] 
090 |a SB193.3.M67  |b G57 1952 
092 |a 633.2  |b G531p 
100 1 |a Giscard, Robert,  |d 1900- 
245 1 4 |a Les prairies permanentes au Maroc ;  |b plantes fourrageres vivaces adaptees aux climats arides /  |c Pref. de M. G. Aucouturier. 
250 |a [2. ed.]. 
264 1 |a Sale :  |b Editions R.I.P.,  |c [1952] 
300 |a 103 pages :  |b illustrations ;  |c 23 cm. 
336 |a text  |b txt  |2 rdacontent 
337 |a unmediated  |b n  |2 rdamedia 
338 |a volume  |b nc  |2 rdacarrier 
490 0 |a Collection "Sciences appliquees" 
650 0 |a Forage plants  |z Morocco. 
999 |a MARS 
999 f f |s f59dd67f-be15-3f2a-8055-ba7d1608a5c5  |i 8316f167-45b6-3b96-b1f2-9477920630b2  |t 0 
952 f f |p ric  |a Texas A&M University  |b Rellis Campus  |c Joint Library Facility  |d Remote Storage  |t 0  |e SB193.3.M67 G57 1952  |h Library of Congress classification  |i unmediated -- volume  |m A14801073142 
998 f f |a SB193.3.M67 G57 1952  |t 0  |l Remote Storage